Catálogo de variedades : semillas originales fiscalizadas.

Guardado en:
Autor Corporativo: Instituto Nacional de Tecnología Agropecuaria (Argentina). Estación Experimental Agropecuaria Bordenave.
Formato: Libro
Idioma:Spanish
Publicado: Bordenave : INTA, [1996]
Etiquetas: Agregar Etiqueta
Sin Etiquetas, Sea el primero en etiquetar este registro!
LEADER 00588nam a22001695a 4500
001 EEA.libagro005390
005 20180703113257.0
008 130809s1996####ag############000#0#spa#d
082 0 4 |a 633.1 
082 0 4 |a 633.10470296 
082 0 4 |a 633.3 
082 0 4 |a 633.23 
110 2 |a Instituto Nacional de Tecnología Agropecuaria (Argentina).  |b Estación Experimental Agropecuaria Bordenave. 
245 1 0 |a Catálogo de variedades :  |b semillas originales fiscalizadas. 
260 |a Bordenave :  |b INTA,  |c [1996] 
300 |a 1 v. (sin paginar) ;  |c 21 cm. 
859 |a AR-BbBCA  |b BIB. AGRONOMIA  |h 633.1  |i A691  |p 1996/2703